Genealogy of Jones, Hathaway, Richards, Gooding, (Record no. 17299)
[ view plain ]
| 000 -LEADER | |
|---|---|
| fixed length control field | 00893cam a22002651 4500 |
| 001 - CONTROL NUMBER | |
| control field | ca 34000418 |
| 003 - CONTROL NUMBER IDENTIFIER | |
| control field | DLC |
| 005 - DATE AND TIME OF LATEST TRANSACTION | |
| control field | 20260227111131.0 |
| 008 - FIXED-LENGTH DATA ELEMENTS--GENERAL INFORMATION | |
| fixed length control field | 850715s1934 maubcfh 001 0ceng |
| 010 ## - LIBRARY OF CONGRESS CONTROL NUMBER | |
| LC control number | ca 34000418 |
| 035 ## - SYSTEM CONTROL NUMBER | |
| System control number | (OCoLC)12266563 |
| 040 ## - CATALOGING SOURCE | |
| Original cataloging agency | DLC |
| Transcribing agency | ViWC |
| Modifying agency | DLC |
| 042 ## - AUTHENTICATION CODE | |
| Authentication code | premarc |
| 050 00 - LIBRARY OF CONGRESS CALL NUMBER | |
| Classification number | CS71.J76 |
| Item number | 1934 |
| 100 1# - MAIN ENTRY--PERSONAL NAME | |
| Personal name | Jones, Melvin E. |
| Fuller form of name | (Melvin Elijah), |
| Dates associated with a name | 1868- |
| Relator term | comp. |
| 245 00 - TITLE STATEMENT | |
| Title | Genealogy of Jones, Hathaway, Richards, Gooding, |
| Statement of responsibility, etc. | compiled, edited, typed, printed and published by Melvin E. Jones ... |
| 260 ## - PUBLICATION, DISTRIBUTION, ETC. | |
| Place of publication, distribution, etc. | Boston, Mass., |
| Date of publication, distribution, etc. | c1934. |
| 300 ## - PHYSICAL DESCRIPTION | |
| Extent | iv, 306 numb. l. |
| Other physical details | front. (port.) plates, map, facsim., fold. geneal. tab. (in pocket) coats of arms. |
| Dimensions | 28 cm. |
| 500 ## - GENERAL NOTE | |
| General note | "First printing 100 copies." |
| 500 ## - GENERAL NOTE | |
| General note | Mimeographed. |
| 600 30 - SUBJECT ADDED ENTRY--PERSONAL NAME | |
| Personal name | Jones family. |
| 600 30 - SUBJECT ADDED ENTRY--PERSONAL NAME | |
| Personal name | Hathaway family. |
| 600 30 - SUBJECT ADDED ENTRY--PERSONAL NAME | |
| Personal name | Richards family. |
| 600 30 - SUBJECT ADDED ENTRY--PERSONAL NAME | |
| Personal name | Gooding family. |
No items available.